书目信息 |
| 题名: |
写作知识漫谈
|
|
| 作者: | ;复旦大学中文系 , 上海师范大学中文系 编 | |
| 分册: | ||
| 出版信息: | 上海 上海教育出版社 1980 |
|
| 页数: | 168页 | |
| 开本: | 19cm | |
| 丛书名: | ||
| 单 册: | ||
| 中图分类: | I04 , H152 | |
| 科图分类: | ||
| 主题词: | 文学创作-写作学 , 写作学-文学创作 , 汉语--写作 , 汉语--修辞 | |
| 电子资源: | ||
| ISBN: | ||
| 000 | 00841nam0 2200289 450 | |
| 001 | 1570423564 | |
| 005 | 20150125211053.85 | |
| 010 | @dCNY 0.39 | |
| 091 | @a7150.2060 | |
| 100 | @a19950828d1980 em y0chiy0110 ea | |
| 101 | 0 | @achi |
| 102 | @aCN@b310000 | |
| 105 | @ay z 000zy | |
| 200 | 1 | @a写作知识漫谈@9xie zuo zhi shi man tan@f复旦大学、上海师范大学中文系《写作知识漫谈》编写组编 |
| 210 | @a上海@c上海教育出版社@d1980 | |
| 215 | @a168页@d19cm | |
| 300 | @a阅读与写作 | |
| 606 | 0 | @a文学创作-写作学 |
| 606 | 0 | @a写作学-文学创作 |
| 606 | 0 | @a汉语@x写作 |
| 606 | 0 | @a汉语@x修辞 |
| 690 | @aI04@v5 | |
| 690 | @aH152@v4 | |
| 711 | 02 | @a复旦大学中文系@9fu dan da xue zhong wen xi@4编 |
| 711 | 02 | @a上海师范大学中文系@9shang hai shi fan da xue zhong wen xi@4编 |
| 801 | 0 | @aCN@bTSSF@c20150125 |
| 905 | @aZUCC@dH152@eJY102 | |
| 写作知识漫谈/复旦大学、上海师范大学中文系《写作知识漫谈》编写组编.-上海:上海教育出版社,1980 |
| 168页;19cm |
| 阅读与写作 |
| ISBN :CNY 0.39 |
| ● |
| 相关链接 |
|
|
|
|
正题名:写作知识漫谈
索取号:H152/JY102
 
预约/预借
| 序号 | 登录号 | 条形码 | 馆藏地/架位号 | 状态 | 备注 |
| 1 | 7849515 | 278495157 | 学院路分馆/ [索取号:H152/JY102] | 在馆 | |
| 2 | 7850421 | 278504218 | 学院路分馆/ [索取号:H152/JY102] | 在馆 | |
| 3 | 7850422 | 278504227 | 学院路分馆/ [索取号:H152/JY102] | 在馆 |